| 000 | 00428nam a22001817a 4500 | ||
|---|---|---|---|
| 003 | OSt | ||
| 008 | 260225b |||||||| |||| 00| 0 eng d | ||
| 020 | _a9789364441223 | ||
| 082 | _a658.0072 SCB | ||
| 100 | _aSCHINDLER,Pamela S | ||
| 245 | _aBusiness Research Methods | ||
| 250 | _a14th Ed | ||
| 260 |
_aNew Delhi _bTMH _c2025 |
||
| 300 | _a662 | ||
| 700 | _aGUMTE,Kapil | ||
| 700 | _aMAHESHWARI,Pratik | ||
| 942 |
_2ddc _cREF |
||
| 999 |
_c13858 _d13858 |
||